[Event "Pere Noel"]
[Site "Montreal CAN"]
[Date "2008.12.27"]
[Round "2"]
[White "Kovalyov, Anton"]
[Black "Ramaswamy, Kishor"]
[Result "1-0"]
[WhiteElo "2571"]
[BlackElo "2170"]
[PlyCount "81"]
[GameId "2160767910285913"]
[EventDate "2008.12.26"]
[EventType "swiss"]
[EventRounds "5"]
[EventCountry "CAN"]
[SourceTitle "FQE 06"]

1. c4 c6 2. Nf3 d5 3. d4 Nf6 4. Nc3 a6 5. h3 b5 6. cxd5 cxd5 7. Bf4 e6 8. Rc1 Bb7 9. e3 Nc6 10. Bd3 Be7 11. O-O O-O 12. a4 b4 13. Nb1 Rc8 14. Qe2 Qb6 15. Nbd2 Na5 16. Ne5 Rxc1 17. Rxc1 Rc8 18. Ra1 Ne4 19. Rd1 f6 20. Nef3 b3 21. Ra1 Nd6 22. Bxd6 Bxd6 23. e4 dxe4 24. Bxe4 Bxe4 25. Qxe4 Bb4 26. Rd1 Bxd2 27. Rxd2 Qc6 28. d5 exd5 29. Rxd5 Nc4 30. Rd8+ Kf7 31. Ng5+ fxg5 32. Qf5+ Qf6 33. Qxc8 Kg6 34. Rf8 Qd6 35. Re8 Qd1+ 36. Kh2 Nd2 37. Qe6+ Kh5 38. Qg4+ Qxg4 39. hxg4+ Kxg4 40. Re2 Nb1 41. Re1 1-0

[Event "Pere Noel"]
[Site "Montreal CAN"]
[Date "2008.12.27"]
[Round "2"]
[White "Luksza, Arkadiusz"]
[Black "Robichaud, Louis"]
[Result "1/2-1/2"]
[WhiteElo "2228"]
[BlackElo "2065"]
[PlyCount "95"]
[GameId "2160767910285914"]
[EventDate "2008.12.26"]
[EventType "swiss"]
[EventRounds "5"]
[EventCountry "CAN"]
[SourceTitle "FQE 06"]

1. d4 Nf6 2. c4 g6 3. Nc3 Bg7 4. e4 d6 5. Be2 O-O 6. Nf3 e5 7. O-O Nc6 8. d5 Ne7 9. Ne1 Nd7 10. Be3 f5 11. f3 f4 12. Bf2 g5 13. Rc1 Rf6 14. Nd3 Rh6 15. c5 Qe8 16. Kh1 Qh5 17. Bg1 Nf6 18. cxd6 cxd6 19. Nf2 Qg6 20. Ng4 Nh5 21. Bf2 Ng3+ 22. Bxg3 fxg3 23. h3 Rh4 24. Qe1 h5 25. Ne3 Qf6 26. Qxg3 Ng6 27. Rf2 Nf4 28. Bf1 g4 29. fxg4 hxg4 30. Nf5 Bxf5 31. exf5 Qh6 32. Rcc2 gxh3 33. gxh3 Rf8 34. Ne2 Rxf5 35. Rc8+ Rf8 36. Rxf8+ Kxf8 37. Nxf4 Rxf4 38. Rxf4+ Qxf4 39. Qxf4+ exf4 40. b3 Kf7 41. Kg2 Kf6 42. Kf3 Ke5 43. Bc4 Bf6 44. a4 a5 45. Bb5 Kxd5 46. Kxf4 Ke6 47. Ke4 d5+ 48. Kd3 1/2-1/2

[Event "Pere Noel"]
[Site "Montreal CAN"]
[Date "2008.12.27"]
[Round "2"]
[White "Morin, Louis"]
[Black "Gelet, Seymour"]
[Result "0-1"]
[WhiteElo "1960"]
[BlackElo "1797"]
[PlyCount "124"]
[GameId "2160767910285915"]
[EventDate "2008.12.26"]
[EventType "swiss"]
[EventRounds "5"]
[EventCountry "CAN"]

1. e4 c5 2. d4 cxd4 3. c3 dxc3 4. Nxc3 d6 5. Bc4 e6 6. Nf3 Be7 7. O-O Nf6 8. Qe2 a6 9. Rd1 Qc7 10. Bf4 b5 11. Bxb5+ axb5 12. Nxb5 Qa5 13. b4 Qb6 14. Nxd6+ Bxd6 15. Bxd6 Ba6 16. Qb2 Nbd7 17. Rac1 Rc8 18. Rxc8+ Bxc8 19. a4 Bb7 20. a5 Qa6 21. e5 Ne4 22. Bc7 Qb5 23. Nd4 Qd5 24. f3 Ng5 25. h4 Nxf3+ 26. gxf3 Nxe5 27. Qe2 Nd7 28. a6 Ba8 29. b5 Qc5 30. b6 Nxb6 31. Qb5+ Qxb5 32. Nxb5 Nd5 33. Bb8 Kd7 34. a7 f6 35. Nc7 Bc6 36. Nxd5 exd5 37. Rc1 Ba8 38. Rc7+ Ke6 39. Rxg7 Rd8 40. Rxh7 d4 41. Kf2 d3 42. Bf4 d2 43. Bxd2 Rxd2+ 44. Ke3 Ra2 45. f4 f5 46. h5 Ra4 47. h6 Kf6 48. Rc7 Re4+ 49. Kd2 Re8 50. h7 Kg6 51. Kc3 Rh8 52. Kd4 Rxh7 53. Rc8 Rxa7 54. Rg8+ Kf7 55. Rh8 Ra4+ 56. Ke5 Ra5+ 57. Kd6 Be4 58. Rh7+ Kg6 59. Rh8 Bf3 60. Rg8+ Kh5 61. Rg5+ Kh4 62. Ke6 Bg4 0-1

[Event "Pere Noel"]
[Site "Montreal CAN"]
[Date "2008.12.27"]
[Round "2"]
[White "Samson, Gaetan"]
[Black "Tessier, Olivier"]
[Result "0-1"]
[WhiteElo "1780"]
[BlackElo "2201"]
[PlyCount "82"]
[GameId "2160767910285916"]
[EventDate "2008.12.26"]
[EventType "swiss"]
[EventRounds "5"]
[EventCountry "CAN"]
[SourceTitle "EXT 2011"]
[Source "ChessBase"]
[SourceDate "2011.11.26"]
[SourceVersion "1"]
[SourceVersionDate "2011.11.26"]
[SourceQuality "1"]

1. e4 c5 2. Nf3 Nf6 3. Nc3 e6 4. d4 cxd4 5. Nxd4 Bb4 6. Bd3 d5 7. exd5 Nxd5 8. Nde2 Nc6 9. O-O O-O 10. f4 Bc5+ 11. Kh1 Ne3 12. Bxe3 Bxe3 13. Rf3 Bc5 14. Ne4 Be7 15. c3 b6 16. Qc2 g6 17. Rd1 Qc7 18. Ng1 Bb7 19. Nh3 Rac8 20. Qf2 Kg7 21. g4 f5 22. Neg5 Nd8 23. gxf5 exf5 24. Ba6 Rf6 25. Bxb7 Qxb7 26. Nxh7 Kxh7 27. Ng5+ Kg8 28. h4 Ne6 29. Qg2 Nxg5 30. hxg5 Rf7 31. Qe2 Bf8 32. Kg2 Re7 33. Qd3 b5 34. Kg3 Rce8 35. c4 b4 36. c5 Re4 37. Rc1 Qc6 38. Qb3+ Kg7 39. a3 a5 40. axb4 axb4 41. Qa2 Re3 0-1

[Event "Pere Noel"]
[Site "Montreal CAN"]
[Date "2008.12.27"]
[Round "2"]
[White "Zhang, Zhiyuan"]
[Black "Masse, Hugues"]
[Result "0-1"]
[WhiteElo "1778"]
[BlackElo "2257"]
[PlyCount "150"]
[GameId "2160767910285917"]
[EventDate "2008.12.26"]
[EventType "swiss"]
[EventRounds "5"]
[EventCountry "CAN"]
[SourceTitle "FQE 06"]

1. e4 e6 2. d4 d5 3. e5 c5 4. c3 Nc6 5. Nf3 Bd7 6. Be2 Nge7 7. Na3 cxd4 8. cxd4 Nf5 9. Nc2 Be7 10. O-O O-O 11. Ne3 Nh4 12. b3 Nxf3+ 13. Bxf3 Qb6 14. Bb2 Rac8 15. Rc1 Nb4 16. a3 Rxc1 17. Bxc1 Nc6 18. Bb2 Rc8 19. Be2 f6 20. f4 fxe5 21. fxe5 Nxe5 22. Kh1 Ng6 23. Bg4 Qd6 24. Rf2 Rf8 25. Rxf8+ Bxf8 26. Qf3 Be7 27. Qh3 Bf6 28. Qf3 Bc6 29. Bh3 Bg5 30. Ng4 Qf4 31. Qe2 Bd7 32. g3 Qd2 33. Qxd2 Bxd2 34. Nf2 Kf7 35. Nd3 b6 36. Kg2 Bb5 37. Bc1 Bc3 38. Bb2 Bxd4 39. Bxd4 Bxd3 40. Kf2 Bc2 41. b4 e5 42. Bb2 Ke7 43. Ke3 Kd6 44. Bg2 Ba4 45. h4 Bc6 46. Bf1 d4+ 47. Kd2 Ne7 48. Bh3 g6 49. Ke2 Nf5 50. Kf2 Ne3 51. Bc1 Nd1+ 52. Ke1 Nc3 53. g4 Bd7 54. Kf2 Kd5 55. Bg2+ Kc4 56. g5 e4 57. Bf4 e3+ 58. Ke1 Nd5 59. Be5 d3 60. Bf3 Nc3 61. Bxc3 Kxc3 62. a4 Bxa4 63. b5 d2+ 64. Ke2 d1=Q+ 65. Kxe3 Qd4+ 66. Ke2 Bxb5+ 67. Ke1 Qxh4+ 68. Kd1 Qxg5 69. Ke1 a5 70. Kf2 a4 71. Bg2 a3 72. Bf3 a2 73. Bg2 h5 74. Bf3 h4 75. Be2 Qg3+ 0-1

[Event "Pere Noel"]
[Site "Montreal CAN"]
[Date "2008.12.28"]
[Round "3"]
[White "Barbeau, Sylvain"]
[Black "Fragniere, Thierry"]
[Result "1-0"]
[WhiteElo "2404"]
[BlackElo "2042"]
[PlyCount "61"]
[GameId "2160767910285918"]
[EventDate "2008.12.26"]
[EventType "swiss"]
[EventRounds "5"]
[EventCountry "CAN"]
[SourceTitle "FQE 06"]

1. e4 e6 2. d4 d5 3. e5 c5 4. c3 Nc6 5. Nf3 Qb6 6. a3 c4 7. Nbd2 Na5 8. Be2 Bd7 9. O-O Nb3 10. Nxb3 Ba4 11. Nfd2 O-O-O 12. Qe1 Bxb3 13. Nxb3 Qxb3 14. Bd1 Qb6 15. b3 cxb3 16. Rb1 Ne7 17. Rxb3 Qc7 18. Bg5 Qc4 19. Qd2 Rd7 20. Qb2 Qc7 21. Bxe7 Bxe7 22. Be2 Kb8 23. Bb5 Rdd8 24. Ba6 b6 25. a4 Ka8 26. Rb1 Rb8 27. Qe2 h5 28. c4 Rhd8 29. Rc3 dxc4 30. Rxc4 Qd7 31. Bb5 1-0

[Event "Pere Noel"]
[Site "Montreal CAN"]
[Date "2008.12.28"]
[Round "3"]
[White "Leutschaft, Martin"]
[Black "Lalonde, Paul"]
[Result "0-1"]
[WhiteElo "2144"]
[BlackElo "1906"]
[PlyCount "104"]
[GameId "2160767910285920"]
[EventDate "2008.12.26"]
[EventType "swiss"]
[EventRounds "5"]
[EventCountry "CAN"]
[SourceTitle "FQE 06"]

1. d4 d5 2. Nf3 Nf6 3. c4 dxc4 4. e3 e6 5. Bxc4 c5 6. O-O Be7 7. Qe2 O-O 8. Nc3 a6 9. a3 b5 10. Ba2 Bb7 11. Rd1 Qb6 12. e4 cxd4 13. Nxd4 Nc6 14. Be3 Bc5 15. Nxc6 Bxc6 16. Bg5 b4 17. axb4 Qxb4 18. Bxf6 gxf6 19. Qg4+ Kh8 20. Qh4 Be7 21. Rd3 Rg8 22. Qh5 Rg7 23. Re1 f5 24. Rg3 fxe4 25. Rxg7 Kxg7 26. Re3 Qxb2 27. Rg3+ Kf8 28. Qh6+ Ke8 29. h4 Qa1+ 30. Bb1 Bd6 31. Rg8+ Kd7 32. Rxa8 Bxa8 33. Qf6 Be7 34. Qd4+ Bd5 35. Kh2 Bd6+ 36. Kh3 Qa3 37. g3 Qc1 38. Kg4 Qh1 39. Nxd5 Qf3+ 40. Kh3 Qf5+ 41. Kh2 exd5 42. Ba2 Kc6 43. Bb3 Bc5 44. Qa4+ Kb6 45. f4 exf3 46. Bc2 f2 47. Bxf5 f1=Q 48. Qb3+ Ka7 49. Bxh7 Bg1+ 50. Kh1 Qf2 51. Qc2 Qxg3 52. Qe2 Bc5 0-1

[Event "Pere Noel"]
[Site "Montreal CAN"]
[Date "2008.12.28"]
[Round "3"]
[White "Leveille, Francois"]
[Black "Anastasovski, Nikola"]
[Result "1-0"]
[WhiteElo "2307"]
[BlackElo "2093"]
[PlyCount "109"]
[GameId "2160767910285921"]
[EventDate "2008.12.26"]
[EventType "swiss"]
[EventRounds "5"]
[EventCountry "CAN"]
[SourceTitle "FQE 06"]

1. d4 f5 2. Qd3 g6 3. h4 e6 4. Bg5 Be7 5. Nd2 Bxg5 6. hxg5 Qxg5 7. Qc3 c6 8. Ngf3 Qf6 9. Nc4 d5 10. Nd6+ Kd8 11. Ne5 Ne7 12. Ndf7+ Ke8 13. Nxh8 Qxh8 14. Qh3 h5 15. Qh4 Qg8 16. Qg5 Nd7 17. Nf3 Qf8 18. e3 Qf6 19. Qf4 a6 20. Qc7 c5 21. O-O-O Nc6 22. c4 cxd4 23. exd4 Qd8 24. Qg3 Nf8 25. Kb1 b5 26. cxb5 axb5 27. Bxb5 Bd7 28. Bxc6 Bxc6 29. Ne5 Qa5 30. a3 Qb5 31. Rc1 Bd7 32. Nxd7 Qxd7 33. Rc7 Qd8 34. Rhc1 Qf6 35. Qd6 Rd8 36. Qc6+ Nd7 37. Re1 Ke7 38. Qxd5 f4 39. Qc5+ Kf7 40. Qd6 Qf5+ 41. Ka1 Qd5 42. Qxf4+ Kg8 43. Qe4 Nf8 44. Qxd5 Rxd5 45. Re4 Rf5 46. f3 Rg5 47. Rf4 e5 48. Rf6 exd4 49. Rc8 Rxg2 50. Rcxf8+ Kg7 51. R6f7+ Kh6 52. f4 g5 53. f5 g4 54. Rg8 h4 55. Rg6+ 1-0

[Event "Pere Noel"]
[Site "Montreal CAN"]
[Date "2008.12.28"]
[Round "3"]
[White "Masse, Hugues"]
[Black "Lopez Linares, Lizandro"]
[Result "1-0"]
[WhiteElo "2257"]
[BlackElo "1867"]
[PlyCount "73"]
[GameId "2160767910285922"]
[EventDate "2008.12.26"]
[EventType "swiss"]
[EventRounds "5"]
[EventCountry "CAN"]
[SourceTitle "EXT 2011"]
[Source "ChessBase"]
[SourceDate "2011.11.26"]
[SourceVersion "1"]
[SourceVersionDate "2011.11.26"]
[SourceQuality "1"]

1. d4 d5 2. c4 e6 3. Nc3 Nf6 4. Nf3 Be7 5. Bg5 O-O 6. e3 h6 7. Bh4 Ne4 8. Bxe7 Qxe7 9. Qc2 c6 10. Bd3 Nxc3 11. Qxc3 dxc4 12. Bxc4 Nd7 13. O-O b6 14. e4 c5 15. d5 exd5 16. Bxd5 Rb8 17. e5 Bb7 18. Bxb7 Rxb7 19. Rae1 Rd8 20. Nd2 Nf8 21. f4 Rbd7 22. Ne4 Rd3 23. Qc2 Qe6 24. b3 Qd5 25. Kh1 Ng6 26. Qe2 b5 27. Qg4 Rd4 28. Nc3 Qc6 29. e6 b4 30. exf7+ Kxf7 31. Ne4 R8d5 32. f5 Nf8 33. Qf4 Kg8 34. f6 g5 35. Qb8 a5 36. f7+ Kg7 37. Nf6 1-0

[Event "Pere Noel"]
[Site "Montreal CAN"]
[Date "2008.12.28"]
[Round "3"]
[White "Petit, Raymond"]
[Black "Chabot, Roland"]
[Result "1/2-1/2"]
[WhiteElo "1845"]
[BlackElo "2285"]
[PlyCount "167"]
[GameId "2160767910285923"]
[EventDate "2008.12.26"]
[EventType "swiss"]
[EventRounds "5"]
[EventCountry "CAN"]
[SourceTitle "FQE 06"]

1. d4 Nf6 2. c4 d6 3. Nc3 Nbd7 4. e4 e5 5. Be3 c6 6. Nf3 a6 7. Be2 Be7 8. O-O O-O 9. Nh4 exd4 10. Bxd4 Nc5 11. Bxc5 dxc5 12. Nf5 Bxf5 13. exf5 Qc7 14. Qc2 Bd6 15. h3 Be5 16. Bf3 Bxc3 17. Qxc3 Rad8 18. Rad1 Qf4 19. Rxd8 Rxd8 20. Qa5 Rd2 21. Qxc5 Rxb2 22. Qe7 h5 23. Rd1 Rd2 24. Rxd2 Qxd2 25. Qxb7 Qc1+ 26. Kh2 Qf4+ 27. Kg1 Qc1+ 28. Kh2 Qf4+ 29. Kg1 Qxc4 30. Qxc6 Qxa2 31. Qc8+ Kh7 32. Qc1 Qa4 33. Qg5 h4 34. Qc1 Qb4 35. Qe3 Qb1+ 36. Kh2 Qxf5 37. Be2 Nd5 38. Qd3 Kg6 39. Qxf5+ Kxf5 40. Bxa6 Ne7 41. Bc4 f6 42. Kg1 Ke4 43. Kf1 Ng6 44. Ba6 Nf4 45. Bb7+ Kd3 46. Ba6+ Kd2 47. Bb5 g5 48. Ba6 Ng6 49. Bc8 Ne7 50. Bd7 f5 51. Be6 f4 52. Bd7 f3 53. gxf3 Ng6 54. Bg4 Nf4 55. Bf5 Kd1 56. Bg4 Kd2 57. Bf5 Ne2 58. Bg4 Nd4 59. Bh5 Kd3 60. Bg6+ Kc4 61. Be4 Kc5 62. Kg2 Kd6 63. Bb7 Ke5 64. Bc8 Kf4 65. Bg4 Nb3 66. Kf1 Nd4 67. Kg2 Nc6 68. Bd7 Nb4 69. Bc8 Nc2 70. Bg4 Nd4 71. Bh5 Nb3 72. Kf1 Nd4 73. Kg2 Ke5 74. Be8 Ne6 75. Bd7 Nc5 76. Bg4 Kd4 77. Kf1 Nd3 78. Bf5 Nf4 79. Bc8 Kd3 80. Ba6+ Kd2 81. Bc8 Nd3 82. Bf5 Ne5 83. Bg4 Kd1 84. Bh5 1/2-1/2

[Event "Pere Noel"]
[Site "Montreal CAN"]
[Date "2008.12.28"]
[Round "3"]
[White "Pilotte, Benoit"]
[Black "Morin, Louis"]
[Result "1/2-1/2"]
[WhiteElo "1783"]
[BlackElo "1960"]
[PlyCount "27"]
[GameId "2160767910285924"]
[EventDate "2008.12.26"]
[EventType "swiss"]
[EventRounds "5"]
[EventCountry "CAN"]

1. g4 e5 2. Bg2 d5 3. c4 c6 4. cxd5 cxd5 5. Qb3 Nf6 6. Nc3 d4 7. Bxb7 Bxb7 8. Qxb7 Nbd7 9. Nd5 Bd6 10. Nxf6+ Nxf6 11. Qc6+ Ke7 12. Qb7+ Qd7 13. Qxd7+ Kxd7 14. h3 1/2-1/2

[Event "Pere Noel"]
[Site "Montreal CAN"]
[Date "2008.12.28"]
[Round "3"]
[White "Robichaud, Louis"]
[Black "Prahov, Valentin"]
[Result "0-1"]
[WhiteElo "2065"]
[BlackElo "2186"]
[PlyCount "114"]
[GameId "2160767910285925"]
[EventDate "2008.12.26"]
[EventType "swiss"]
[EventRounds "5"]
[EventCountry "CAN"]
[SourceTitle "EXT 2011"]
[Source "ChessBase"]
[SourceDate "2011.11.26"]
[SourceVersion "1"]
[SourceVersionDate "2011.11.26"]
[SourceQuality "1"]

1. e4 c5 2. Nc3 e6 3. g3 d5 4. Bg2 Nf6 5. d3 dxe4 6. Nxe4 Nxe4 7. Bxe4 Nd7 8. Ne2 Nf6 9. Bg2 Bd6 10. O-O O-O 11. Nc3 a6 12. a4 Rb8 13. a5 Bd7 14. Bd2 h6 15. Re1 Qc7 16. Qe2 Bc6 17. Bxc6 Qxc6 18. Ra4 b5 19. axb6 Rxb6 20. b3 Rb4 21. Rea1 Rxa4 22. Rxa4 Rb8 23. Nd1 Ra8 24. Nb2 Nh7 25. h4 Be7 26. Nc4 Bf6 27. Ne5 Qd5 28. Ng4 Bd4 29. Ne3 Qc6 30. Nc4 Nf8 31. Qe4 Qxe4 32. dxe4 Nd7 33. Kg2 Kf8 34. f4 Bf6 35. e5 Be7 36. Kf3 Ke8 37. Ke4 g6 38. h5 Kf8 39. hxg6 fxg6 40. g4 Kf7 41. f5 gxf5+ 42. gxf5 Bg5 43. Ra1 Bxd2 44. Nxd2 h5 45. Rh1 Rb8 46. Nf3 exf5+ 47. Kxf5 Ke7 48. Ke4 Nb6 49. Ra1 Ra8 50. Nh4 a5 51. Nf5+ Kf7 52. Nd6+ Ke6 53. Rg1 a4 54. Rg6+ Kd7 55. bxa4 Rxa4+ 56. Kf5 Nd5 57. Rg7+ Ne7+ 0-1

[Event "Pere Noel"]
[Site "Montreal CAN"]
[Date "2008.12.28"]
[Round "3"]
[White "Rousseau, Daniel"]
[Black "Luksza, Arkadiusz"]
[Result "1-0"]
[WhiteElo "2098"]
[BlackElo "2228"]
[PlyCount "99"]
[GameId "2160767910285926"]
[EventDate "2008.12.26"]
[EventType "swiss"]
[EventRounds "5"]
[EventCountry "CAN"]
[SourceTitle "FQE 06"]

1. e4 e6 2. d4 d5 3. Nc3 Nf6 4. e5 Nfd7 5. f4 c5 6. Nf3 Nc6 7. Be3 a6 8. Qd2 b5 9. Qf2 Qb6 10. dxc5 Bxc5 11. Bxc5 Nxc5 12. Bd3 Bb7 13. O-O Nd7 14. Qxb6 Nxb6 15. a4 b4 16. Ne2 Ke7 17. Ned4 g6 18. b3 Rac8 19. a5 Nd7 20. Nxc6+ Rxc6 21. Ra4 Rc7 22. Rxb4 Nc5 23. Nd4 Ra8 24. g4 Bc8 25. f5 Bd7 26. fxg6 hxg6 27. Nf3 Nxd3 28. cxd3 Bb5 29. Ng5 Ke8 30. Rf3 Raa7 31. Rbf4 Re7 32. h4 Kf8 33. Rf6 Kg7 34. h5 Rac7 35. hxg6 Rc1+ 36. Kf2 Rc2+ 37. Kg3 fxg6 38. Nxe6+ Kh6 39. Kf4 Rh2 40. Nf8 Be8 41. Rxa6 Bf7 42. d4 Kg7 43. Ra8 Rh8 44. b4 Rxf8 45. Rxf8 Kxf8 46. b5 Be8 47. Kg5+ Kg7 48. Rb3 Bd7 49. a6 Bc8 50. Rc3 1-0

[Event "Pere Noel"]
[Site "Montreal CAN"]
[Date "2008.12.28"]
[Round "3"]
[White "Sambuev, Bator"]
[Black "Jiang, Louie"]
[Result "0-1"]
[WhiteElo "2493"]
[BlackElo "2202"]
[PlyCount "88"]
[GameId "2160767910285927"]
[EventDate "2008.12.26"]
[EventType "swiss"]
[EventRounds "5"]
[EventCountry "CAN"]
[SourceTitle "EXT 2011"]
[Source "ChessBase"]
[SourceDate "2011.11.26"]
[SourceVersion "1"]
[SourceVersionDate "2011.11.26"]
[SourceQuality "1"]

1. Nf3 Nf6 2. c4 e6 3. g3 d5 4. d4 c6 5. Bg2 Be7 6. O-O O-O 7. Qc2 b6 8. Ne5 Bb7 9. Nc3 Nbd7 10. Rd1 Rc8 11. Bf4 b5 12. c5 Nxe5 13. Bxe5 Nd7 14. Bf4 e5 15. dxe5 Nxc5 16. e4 d4 17. Bh3 Ne6 18. Qb3 Nc5 19. Qc2 Ne6 20. Rac1 Qb6 21. Bxe6 fxe6 22. Qb3 dxc3 23. Qxe6+ Rf7 24. Rxc3 Rd8 25. Rcd3 Rxd3 26. Rxd3 c5 27. Qxb6 axb6 28. e6 Rxf4 29. gxf4 Bxe4 30. Rd7 Kf8 31. f3 Bxf3 32. Kf2 Bg4 33. Rb7 Bxe6 34. Rxb6 Bd7 35. Ke3 Bf6 36. b3 Ke7 37. Kd3 c4+ 38. bxc4 Bf5+ 39. Kd2 bxc4 40. Rb4 c3+ 41. Kc1 g5 42. Rb7+ Ke6 43. Rb6+ Kf7 44. Rb5 Kg6 0-1

[Event "Pere Noel"]
[Site "Montreal CAN"]
[Date "2008.12.28"]
[Round "3.1"]
[White "Tessier, Olivier"]
[Black "Kovalyov, Anton"]
[Result "0-1"]
[WhiteElo "2201"]
[BlackElo "2571"]
[PlyCount "94"]
[GameId "2160767910285928"]
[EventDate "2008.12.26"]
[EventType "swiss"]
[EventRounds "5"]
[EventCountry "CAN"]
[SourceTitle "EXT 2011"]
[Source "ChessBase"]
[SourceDate "2011.11.26"]
[SourceVersion "1"]
[SourceVersionDate "2011.11.26"]
[SourceQuality "1"]

1. d4 Nf6 2. c4 e6 3. Nf3 b6 4. g3 c6 5. Bg2 d5 6. Qc2 Be7 7. O-O O-O 8. Nbd2 Bb7 9. Ne5 Nbd7 10. e4 dxc4 11. Ndxc4 b5 12. Nxd7 Nxd7 13. Ne3 Rc8 14. Rd1 Qb6 15. a4 a5 16. Bd2 Ra8 17. b3 Rfc8 18. Bc3 Qd8 19. Qd2 b4 20. Bb2 Nb6 21. Rac1 Bf8 22. Ba1 Rc7 23. Qb2 Rd7 24. Ng4 f6 25. e5 f5 26. Ne3 Rc8 27. Qe2 Nd5 28. Bb2 g6 29. Rc2 c5 30. Nxd5 Bxd5 31. Bxd5 Rxd5 32. Qa6 Qd7 33. Rdc1 Rc6 34. Qc4 Be7 35. f4 Kf7 36. h4 h5 37. Rd1 Bd8 38. Bc1 Rc7 39. Qa6 cxd4 40. Rc4 Be7 41. Rd3 Rxc4 42. bxc4 Rc5 43. Bb2 Qxa4 44. Bxd4 Qc6 45. Qa7 Rxc4 46. Bb6 Rc1+ 47. Kf2 Rc2+ 0-1

[Event "Pere Noel"]
[Site "Montreal CAN"]
[Date "2008.12.29"]
[Round "4"]
[White "Dobrev, Martin"]
[Black "Ramaswamy, Kishor"]
[Result "0-1"]
[WhiteElo "1712"]
[BlackElo "2170"]
[PlyCount "78"]
[GameId "2160767910285929"]
[EventDate "2008.12.26"]
[EventType "swiss"]
[EventRounds "5"]
[EventCountry "CAN"]
[SourceTitle "FQE 06"]

1. e4 c6 2. d4 d5 3. exd5 cxd5 4. Bd3 Nf6 5. Bf4 Nc6 6. c3 Bg4 7. Nf3 e6 8. Nbd2 Bd6 9. Bxd6 Qxd6 10. O-O O-O 11. Qc2 Bh5 12. Rfe1 Rfc8 13. a3 Rab8 14. Rac1 b5 15. Qb1 Bg6 16. Ne5 Bxd3 17. Qxd3 Na5 18. b4 Nc4 19. Ndxc4 dxc4 20. Qg3 Nd5 21. Qf3 Rc7 22. h3 a5 23. Ra1 Ra8 24. Qe4 Rca7 25. bxa5 Rxa5 26. Qf3 f6 27. Qh5 fxe5 28. Rxe5 Nf6 29. Qf3 R8a6 30. Qb7 Qd7 31. Qb8+ Qe8 32. Qb7 Ra7 33. Qb6 R5a6 34. Qc5 Qc6 35. Qb4 Nd5 36. Qb2 Nf4 37. Rg5 Nd3 38. Qe2 h6 39. Rg3 Rxa3 0-1

[Event "Pere Noel"]
[Site "Montreal CAN"]
[Date "2008.12.29"]
[Round "4"]
[White "Fillion, Steve"]
[Black "Sambuev, Bator"]
[Result "0-1"]
[WhiteElo "2099"]
[BlackElo "2493"]
[PlyCount "52"]
[GameId "2160767910285930"]
[EventDate "2008.12.26"]
[EventType "swiss"]
[EventRounds "5"]
[EventCountry "CAN"]
[SourceTitle "FQE 06"]

1. e4 c5 2. Nc3 Nc6 3. Nge2 g6 4. g3 Bg7 5. Bg2 d6 6. O-O Nh6 7. d3 O-O 8. h3 f5 9. Be3 e5 10. Qd2 f4 11. gxf4 Qh4 12. f5 gxf5 13. Bg5 Qh5 14. Ng3 Qg6 15. exf5 Nxf5 16. Nxf5 Bxf5 17. Kh2 Nd4 18. Nd5 Kh8 19. c3 Bxh3 20. cxd4 Bxg2 21. Kxg2 Rf5 22. Rh1 Rxg5+ 23. Kf1 exd4 24. Ne7 Qf6 25. Re1 Re5 26. Rxe5 dxe5 0-1

[Event "Pere Noel"]
[Site "Montreal CAN"]
[Date "2008.12.29"]
[Round "4"]
[White "Fragniere, Thierry"]
[Black "Tessier, Olivier"]
[Result "0-1"]
[WhiteElo "2042"]
[BlackElo "2201"]
[PlyCount "124"]
[GameId "2160767910285931"]
[EventDate "2008.12.26"]
[EventType "swiss"]
[EventRounds "5"]
[EventCountry "CAN"]
[SourceTitle "EXT 2011"]
[Source "ChessBase"]
[SourceDate "2011.11.26"]
[SourceVersion "1"]
[SourceVersionDate "2011.11.26"]
[SourceQuality "1"]

1. d4 Nf6 2. Nf3 c5 3. d5 b5 4. c4 d6 5. Qc2 g6 6. e4 Bg7 7. cxb5 a6 8. Bd2 O-O 9. Bc3 Bb7 10. Nbd2 Qe8 11. a4 e6 12. dxe6 Qxe6 13. Be2 axb5 14. O-O bxa4 15. Rxa4 Rxa4 16. Qxa4 Nxe4 17. Bxg7 Kxg7 18. Bc4 d5 19. Bb5 Nxd2 20. Nxd2 Nc6 21. Nb3 Qd6 22. Bxc6 Bxc6 23. Qa3 Rb8 24. Nxc5 d4 25. Re1 Qd5 26. f3 Rb5 27. Ne6+ fxe6 28. Qe7+ Kg8 29. Rxe6 Rb7 30. Qd6 Qxd6 31. Rxd6 Be8 32. Rxd4 Rxb2 33. h3 Kg7 34. Rc4 Bf7 35. Rc7 h6 36. Ra7 Kf6 37. Ra5 Be6 38. Rc5 Rd2 39. Ra5 h5 40. Ra6 Re2 41. Kf1 Ra2 42. Rb6 Rc2 43. Kg1 Ke5 44. Rb4 Bd5 45. Rb6 g5 46. Rb5 Rd2 47. Rb4 Ra2 48. Rb5 Kd4 49. Rb4+ Ke3 50. Rb5 Rd2 51. Rb4 Rd4 52. Rb2 h4 53. Rc2 Rd1+ 54. Kh2 Bxf3 55. gxf3 Rd2+ 56. Rxd2 Kxd2 57. Kh1 Ke3 58. Kg2 Ke2 59. f4 gxf4 60. Kh2 f3 61. Kg1 f2+ 62. Kh2 f1=R 0-1

[Event "Pere Noel"]
[Site "Montreal CAN"]
[Date "2008.12.29"]
[Round "4"]
[White "Gelet, Seymour"]
[Black "Larochelle, Martial"]
[Result "0-1"]
[WhiteElo "1797"]
[BlackElo "2216"]
[PlyCount "46"]
[GameId "2160767910285932"]
[EventDate "2008.12.26"]
[EventType "swiss"]
[EventRounds "5"]
[EventCountry "CAN"]
[SourceTitle "FQE 06"]

1. d4 Nf6 2. c4 g6 3. Nc3 d5 4. cxd5 Nxd5 5. e4 Nxc3 6. bxc3 Bg7 7. Bc4 c5 8. Be3 Qa5 9. Qd2 Nc6 10. Ne2 cxd4 11. cxd4 Qxd2+ 12. Kxd2 O-O 13. Rhd1 Na5 14. Rac1 e6 15. Bd3 Nc6 16. Ke1 Bd7 17. f4 f5 18. e5 Rfc8 19. Bb5 Nxe5 20. dxe5 Bxb5 21. Rxc8+ Rxc8 22. Rd6 Bf8 23. Rd2 Bb4 0-1

[Event "Pere Noel"]
[Site "Montreal CAN"]
[Date "2008.12.29"]
[Round "4"]
[White "Ibrahim, Anthony"]
[Black "Leveille, Francois"]
[Result "1-0"]
[WhiteElo "2163"]
[BlackElo "2307"]
[PlyCount "157"]
[GameId "2160767910285933"]
[EventDate "2008.12.26"]
[EventType "swiss"]
[EventRounds "5"]
[EventCountry "CAN"]
[SourceTitle "FQE 06"]

1. e4 e6 2. d4 d5 3. Nc3 Bb4 4. e5 c5 5. a3 Ba5 6. b4 cxd4 7. Nb5 Bc7 8. Nf3 Nc6 9. Nxc7+ Qxc7 10. Bb2 Nge7 11. Bxd4 O-O 12. Be2 Ng6 13. Bc5 Rd8 14. Bd6 Qd7 15. Bd3 Nf4 16. Qd2 Nxd3+ 17. cxd3 f6 18. d4 Qf7 19. Rc1 a6 20. O-O Bd7 21. Rc3 Na7 22. Rc7 Nb5 23. Rxb7 Nxa3 24. Qf4 Nc4 25. Bc5 fxe5 26. Qxf7+ Kxf7 27. Nxe5+ Nxe5 28. dxe5 Kg6 29. Be7 Bc6 30. Rb6 Rdc8 31. Rc1 Bb5 32. Bc5 Kf5 33. Re1 Rc7 34. f3 h5 35. Kf2 Rh8 36. g3 g5 37. h3 g4 38. fxg4+ hxg4 39. hxg4+ Kxg4 40. Rxe6 Rh2+ 41. Ke3 Rb2 42. Rg6+ Kf5 43. Rf6+ Kg5 44. Kf3 Rxc5 45. bxc5 d4 46. Rd6 Rb3+ 47. Ke4 d3 48. Rd1 Rb4+ 49. Rd4 Rb2 50. R1xd3 Bc6+ 51. Ke3 Kf5 52. Rd6 Bb5 53. R3d5 Rb3+ 54. Kf2 Rc3 55. e6+ Kf6 56. g4 Rc2+ 57. Kg3 Ke7 58. Rh5 Rxc5 59. Rxc5 Kxd6 60. Rh5 Kxe6 61. Kf4 Bd3 62. Ke3 Bc4 63. Ke4 Kf6 64. Rf5+ Kg6 65. Kf4 Bd3 66. Rd5 Bc4 67. Rd6+ Kf7 68. Ke5 Kg7 69. Kf5 Bb5 70. Rg6+ Kf7 71. Rb6 Bd3+ 72. Kg5 Be2 73. Rf6+ Ke7 74. Rf2 Bb5 75. Kh6 Bc4 76. g5 a5 77. g6 Kd6 78. g7 Bb3 79. Rf5 1-0